Which Country has more than...? - Statistics

General Stats
  • This quiz has been taken 201 times
    98 since last reset
  • The average score is 11 of 15
Answer Stats
Question Answer % Correct
85 Million People? D.R.Congo
100%
30 Million People? Uganda
100%
200 Million People? Brazil
80%
1 Million People? Estonia
80%
5 Million People? Finland
80%
15 Million People? Netherlands
80%
30 Million People? Peru
80%
7 Million People? Sierra Leone
80%
50 Million People? South Korea
80%
65 Million People? United Kingdom
80%
45 Million People? Argentina
60%
0.5 Million People? Cape Verde
60%
120 Million People? Japan
60%
20 Million People? Madagascar
60%
33 Million People? Morocco
60%
No matching quizzes found
Score Distribution
Percent of People with Each Score
Percentile by Number Answered
Your Score History
You have not taken this quiz since the last reset